| 000 | 00621cam a2200217ua 4500 | ||
|---|---|---|---|
| 001 | 11782 | ||
| 005 | 20260515114811.0 | ||
| 008 | 191105n ii |||gr||||Z||||||eng | ||
| 020 | _a9788131104071 | ||
| 040 | _cMAIN | ||
| 082 | _a954.03 | ||
| 100 |
_aS.Ram ., _eAuthor. |
||
| 245 |
_aEncyclopaedic history of Medieval India : _bhistory and culture of sultanate period / _cBy S.Ram . |
||
| 250 |
_a1st ed / _bVol.4. |
||
| 260 |
_aNew Delhi: _bCommonwealth, _c2012. |
||
| 300 | _a323p. | ||
| 653 | _aSouth Asia India | ||
| 653 | _aEncyclopaedia of Indian History | ||
| 700 |
_aShiv Gajrani, _eAuthor. |
||
| 942 | _cBK | ||
| 999 |
_c10565 _d10565 |
||